| 000 | 00889nam a22002297a 4500 | ||
|---|---|---|---|
| 005 | 20240530110535.0 | ||
| 008 | 160330s2013 ua g b 000 0 ara d | ||
| 017 | _a2012/19593 | ||
| 020 | _a97898774280351 | ||
| 040 | _aEG-CaGPL | ||
| 082 |
_221 _a214.1497\ _bز م |
||
| 100 | 0 | _aزينب مصطفى صابر سويفى | |
| 245 | 1 | 0 |
_aموقف الفكر الاسلامى من الاتجاه التنويرى فى الفكر العربى المعاصر / _cزينب مصطفى صابر سويفى |
| 250 | _aط1 | ||
| 260 |
_aالقاهرة : _bمصر العربية للنشر و التوزيع ، _c2013 . |
||
| 300 |
_a367 ص ؛ _c24 سم . |
||
| 504 | _aيشتمل على ارجاعات ببليوجرافية | ||
| 650 | 0 | 4 | _aالتنوير ( فلسفة ) |
| 650 | 0 | 4 | _aالاسلام و التنوير |
| 942 |
_2ddc _cBK |
||
| 999 |
_c62183 _d62183 |
||